[Event "RUS-ch blitz (Women)"]
[Site "Sochi"]
[Date "2018.10.07"]
[Round "2.10"]
[White "Pavlova, Nataliy"]
[Black "Vasilevich, Tatjana"]
[Result "0-1"]
[WhiteElo "1978"]
[BlackElo "2360"]
[PlyCount "60"]
[EventDate "2018.10.07"]
[EventType "swiss (blitz)"]
[EventRounds "20"]
[EventCountry "RUS"]
[SourceTitle "CBM 186 Extra"]
[Source "ChessBase"]
[SourceDate "2018.08.24"]
[SourceVersion "1"]
[SourceVersionDate "2018.08.24"]
[SourceQuality "1"]

1. Nf3 Nf6 2. c4 e6 3. b3 d5 4. e3 c5 5. Bb2 Nc6 6. Be2 d4 7. exd4 cxd4 8. d3 Be7 9. 0-0 0-0 10. Nbd2 e5 11. Re1 Nd7 12. Bf1 f6 13. Qc1 Nc5 14. Ba3 a5 15. Qb2 Bf5 16. Ne4 Bxe4 17. dxe4 Nb4 18. Bxb4 axb4 19. a3 bxa3 20. Qc2 Qb6 21. Bd3 Qxb3 22. Red1 Qxc2 23. Bxc2 Rfd8 24. Ne1 Na4 25. Bxa4 Rxa4 26. Rdc1 Rc8 27. Rd1 Raxc4 28. Rd3 Rc3 29. g3 Rc1 30. Rxc1 Rxc1 0-1

[Event "Moscow op-F 14th"]
[Site "Moscow"]
[Date "2018.01.28"]
[Round "3"]
[White "Pavlova, Nataliy"]
[Black "Vasilyev, Vasily"]
[Result "0-1"]
[WhiteElo "1944"]
[BlackElo "2299"]
[PlyCount "106"]
[EventDate "2018.01.26"]
[EventType "swiss"]
[EventRounds "9"]
[EventCountry "RUS"]
[SourceTitle "CBM 182 Extra"]
[Source "ChessBase"]
[SourceDate "2018.02.23"]
[SourceVersion "1"]
[SourceVersionDate "2018.02.23"]
[SourceQuality "1"]

1. e4 Nf6 2. e5 Nd5 3. d4 d6 4. Nf3 Bg4 5. Be2 c6 6. c4 Nb6 7. Ng5 Bxe2 8. Qxe2 h6 9. Ne4 dxe5 10. dxe5 e6 11. Be3 N8d7 12. f4 Bb4+ 13. Nbd2 0-0 14. 0-0 f5 15. Nd6 Qc7 16. Nb3 Na4 17. Rad1 Rfd8 18. a3 Bc5 19. Bxc5 Naxc5 20. Nd4 Nf8 21. g4 g6 22. Qg2 Kh7 23. b4 Na4 24. Rd3 Nb6 25. Kh1 fxg4 26. Qxg4 Rxd6 27. exd6 Qxd6 28. Rfd1 Nxc4 29. Nf3 Qe7 30. Ne5 Nxe5 31. fxe5 Qg7 32. Qe4 Re8 33. Rd6 Re7 34. Rf1 Nd7 35. Re1 a6 36. a4 h5 37. Qd4 Qf7 38. Qe3 Qf5 39. Rd4 Rf7 40. Rdd1 Kg7 41. Re2 Nb6 42. Rg1 Nd5 43. Qg3 Nf4 44. Re3 Kh6 45. h4 Nd5 46. Rb3 Qe4+ 47. Kh2 Kg7 48. b5 axb5 49. axb5 Rf4 50. Kh3 Rg4 51. Qf2 Rf4 52. Qe1 Qf5+ 53. Kh2 Qc2+ 0-1

[Event "St Petersburg Summer op"]
[Site "St Petersburg"]
[Date "2017.08.23"]
[Round "8"]
[White "Pavlova, Nataliy"]
[Black "Klimentov, Evgeny"]
[Result "0-1"]
[WhiteElo "1949"]
[BlackElo "2301"]
[PlyCount "48"]
[EventDate "2017.08.16"]
[EventType "swiss"]
[EventRounds "9"]
[EventCountry "RUS"]
[SourceTitle "CBM 180 Extra"]
[Source "ChessBase"]
[SourceDate "2017.10.06"]
[SourceVersion "1"]
[SourceVersionDate "2017.10.06"]
[SourceQuality "1"]

1. Nf3 g6 2. c4 Bg7 3. Nc3 d6 4. e4 Nd7 5. d4 e5 6. Be2 Ne7 7. 0-0 0-0 8. d5 h6 9. Ne1 f5 10. f3 f4 11. Nd3 g5 12. Bd2 h5 13. Rc1 Kh8 14. b4 Nf6 15. c5 Bd7 16. b5 g4 17. Be1 Rg8 18. Qb3 Bh6 19. Na4 g3 20. Nab2 Nh7 21. Qb4 Nc8 22. h3 Qh4 23. Rc2 Bxh3 24. gxh3 Qxh3 0-1

[Event "St Petersburg Summer op"]
[Site "St Petersburg"]
[Date "2017.08.22"]
[Round "7"]
[White "Pavlova, Nataliy"]
[Black "Manin, Viktor L"]
[Result "0-1"]
[WhiteElo "1949"]
[BlackElo "2119"]
[PlyCount "40"]
[EventDate "2017.08.16"]
[EventType "swiss"]
[EventRounds "9"]
[EventCountry "RUS"]
[SourceTitle "CBM 180 Extra"]
[Source "ChessBase"]
[SourceDate "2017.10.06"]
[SourceVersion "1"]
[SourceVersionDate "2017.10.06"]
[SourceQuality "1"]

1. e4 c5 2. Nf3 d6 3. d4 cxd4 4. Qxd4 Nc6 5. Bb5 Bg4 6. Nc3 a6 7. Bxc6+ bxc6 8. Nd2 e5 9. Qd3 Nf6 10. Nc4 Qc7 11. Be3 Rb8 12. f4 Be7 13. 0-0 0-0 14. h3 Be6 15. b3 Rfd8 16. Rad1 d5 17. Nxe5 d4 18. Bxd4 c5 19. Ne2 cxd4 20. Nxd4 Rxd4 0-1

[Event "St Petersburg Summer op"]
[Site "St Petersburg"]
[Date "2017.08.19"]
[Round "4"]
[White "Pavlova, Nataliy"]
[Black "Mamochev, Aleksei"]
[Result "1-0"]
[WhiteElo "1949"]
[BlackElo "1677"]
[PlyCount "79"]
[EventDate "2017.08.16"]
[EventType "swiss"]
[EventRounds "9"]
[EventCountry "RUS"]
[SourceTitle "CBM 180 Extra"]
[Source "ChessBase"]
[SourceDate "2017.10.06"]
[SourceVersion "1"]
[SourceVersionDate "2017.10.06"]
[SourceQuality "1"]

1. e4 c6 2. d4 d5 3. Nd2 dxe4 4. Nxe4 Bf5 5. Ng3 Bg6 6. Bc4 e6 7. N1e2 Bd6 8. 0-0 Qc7 9. f4 Ne7 10. c3 Nd7 11. Kh1 h5 12. Bd3 0-0-0 13. b4 h4 14. Ne4 Bxe4 15. Bxe4 Nf6 16. Bd3 h3 17. g3 c5 18. b5 c4 19. Bc2 Ned5 20. a4 Ng4 21. Rf3 Ngf6 22. a5 g6 23. Ng1 Ng4 24. Qf1 Rh5 25. Ra4 Kb8 26. Rxc4 Qxa5 27. Ra4 Qc7 28. c4 Nb6 29. Qe2 Nxa4 30. Bxa4 Qa5 31. Bb3 Bc7 32. Bb2 Qb4 33. Rd3 Nh6 34. Nf3 Qf8 35. c5 Ng4 36. Ng5 Nf6 37. Bd1 Rxg5 38. fxg5 Nd7 39. Qe4 e5 40. Bf3 1-0

[Event "St Petersburg Summer op"]
[Site "St Petersburg"]
[Date "2017.08.16"]
[Round "1"]
[White "Ovchinnikov, Vsevolod"]
[Black "Pavlova, Nataliy"]
[Result "1-0"]
[WhiteElo "2380"]
[BlackElo "1949"]
[PlyCount "75"]
[EventDate "2017.08.16"]
[EventType "swiss"]
[EventRounds "9"]
[EventCountry "RUS"]
[SourceTitle "CBM 180 Extra"]
[Source "ChessBase"]
[SourceDate "2017.10.06"]
[SourceVersion "1"]
[SourceVersionDate "2017.10.06"]
[SourceQuality "1"]

1. Nf3 d5 2. g3 Nf6 3. Bg2 Bf5 4. c4 c6 5. b3 Nbd7 6. Bb2 e6 7. 0-0 Bd6 8. d3 0-0 9. Nbd2 e5 10. cxd5 cxd5 11. e4 Bg6 12. Nh4 Bh5 13. Bf3 Bxf3 14. Nhxf3 Re8 15. exd5 Nxd5 16. Nc4 Bc7 17. Re1 f6 18. a3 Rc8 19. b4 b5 20. Ncd2 N7b6 21. Rc1 Na4 22. Ba1 Qd7 23. d4 exd4 24. Rxe8+ Rxe8 25. Nxd4 Bb6 26. Qb3 Kh8 27. N2f3 Bxd4 28. Bxd4 Ndb6 29. Bxb6 Nxb6 30. Rd1 Qg4 31. Qf7 Rg8 32. Kg2 Nc4 33. Re1 Nd6 34. Qxa7 h5 35. Qc5 Nc4 36. h3 Qg6 37. Qxb5 Nxa3 38. Qc5 1-0

[Event "Nezhmetdinov Memorial 39th"]
[Site "Kazan"]
[Date "2017.06.07"]
[Round "8"]
[White "Ismagilov, Damir"]
[Black "Pavlova, Nataliy"]
[Result "1-0"]
[WhiteElo "2132"]
[BlackElo "1954"]
[PlyCount "87"]
[EventDate "2017.05.31"]
[EventType "swiss"]
[EventRounds "9"]
[EventCountry "RUS"]
[SourceTitle "EXT 2018"]
[Source "ChessBase"]
[SourceDate "2017.10.13"]
[SourceVersion "1"]
[SourceVersionDate "2017.10.13"]
[SourceQuality "1"]

1. d4 d5 2. Bf4 Nf6 3. e3 c6 4. Nf3 e6 5. Bd3 Be7 6. Nbd2 Nbd7 7. Bg3 0-0 8. 0-0 c5 9. c3 Re8 10. Ne5 Bf8 11. Bh4 Qc7 12. f4 g6 13. Ndf3 Ne4 14. Bxe4 dxe4 15. Nd2 f5 16. Ndc4 b5 17. Nxd7 Bxd7 18. Ne5 Bc6 19. Qe1 Bd5 20. Bf6 Be7 21. Bxe7 Qxe7 22. dxc5 Qxc5 23. b3 Rac8 24. Rc1 Rc7 25. Qd2 Rec8 26. Rc2 Qa3 27. Rfc1 a5 28. c4 bxc4 29. bxc4 Qa4 30. Rc3 Bb7 31. a3 Qe8 32. Qd6 a4 33. Rb1 Bd5 34. h3 Rb7 35. Rxb7 Bxb7 36. Qb4 Bc6 37. Rc1 Qf8 38. Nxc6 Rxc6 39. Qxa4 Qc5 40. Rc3 Rb6 41. Qa8+ Kg7 42. Qa7+ Kg8 43. Rb3 Rc6 44. Rb8+ 1-0

[Event "Nezhmetdinov Memorial 39th"]
[Site "Kazan"]
[Date "2017.06.05"]
[Round "6"]
[White "Karamov, Stepan"]
[Black "Pavlova, Nataliy"]
[Result "0-1"]
[WhiteElo "1760"]
[BlackElo "1954"]
[PlyCount "86"]
[EventDate "2017.05.31"]
[EventType "swiss"]
[EventRounds "9"]
[EventCountry "RUS"]
[SourceTitle "EXT 2018"]
[Source "ChessBase"]
[SourceDate "2017.10.13"]
[SourceVersion "1"]
[SourceVersionDate "2017.10.13"]
[SourceQuality "1"]

1. d4 d5 2. c4 c6 3. Nf3 Nf6 4. Qc2 dxc4 5. Qxc4 Bf5 6. Bg5 Ne4 7. Bf4 Nd7 8. g3 e6 9. a3 Be7 10. Bg2 0-0 11. 0-0 Nb6 12. Qb3 c5 13. Rd1 c4 14. Qb5 Rc8 15. Nc3 a6 16. Qa5 Nd5 17. Qxd8 Rfxd8 18. Nxd5 exd5 19. Nd2 c3 20. Nxe4 c2 21. Rd3 dxe4 22. Rc3 Rxd4 23. Rxc8+ Bxc8 24. Re1 Bf5 25. Kf1 Bf6 26. f3 exf3 27. Bxf3 Rxf4 28. gxf4 Bxb2 29. Bxb7 a5 30. e4 Bh3+ 31. Kf2 c1Q 32. Rxc1 Bxc1 33. f5 Bxa3 34. Ba6 h5 35. Ke3 Bd6 36. Kd4 Bxh2 37. Bd3 f6 38. Ke3 Be5 39. Bb5 Bg4 40. Ba4 Kf8 41. Kd3 h4 42. Ke3 h3 43. Kf2 h2 0-1

[Event "Chigorin Memorial 24th"]
[Site "St Petersburg"]
[Date "2016.10.17"]
[Round "3"]
[White "Pavlova, Nataliy"]
[Black "Chernyak, Viktoria"]
[Result "0-1"]
[WhiteElo "1990"]
[BlackElo "2238"]
[PlyCount "80"]
[EventDate "2016.10.15"]
[EventType "swiss"]
[EventRounds "9"]
[EventCountry "RUS"]
[SourceTitle "CBM 175 Extra"]
[Source "ChessBase"]
[SourceDate "2016.12.12"]
[SourceVersion "1"]
[SourceVersionDate "2016.12.12"]
[SourceQuality "1"]

1. Nf3 c5 2. g3 Nc6 3. Bg2 g6 4. c4 Bg7 5. Nc3 e6 6. e3 Nge7 7. 0-0 0-0 8. d4 cxd4 9. Nxd4 a6 10. b3 Rb8 11. Ba3 Nxd4 12. exd4 d6 13. Ne4 d5 14. cxd5 exd5 15. Ng5 h6 16. Nf3 Be6 17. Ne5 Re8 18. Rc1 Nf5 19. Qd2 Nd6 20. Bxd6 Qxd6 21. f4 Rbc8 22. g4 Rxc1 23. Qxc1 Qb6 24. Qd1 Bxe5 25. fxe5 Rc8 26. Qd2 Kg7 27. h3 Rc6 28. Kh2 Qc7 29. Qf4 Rc2 30. Rf2 Qc3 31. Qf6+ Kh7 32. Rxc2 Qxc2 33. Qd8 Qxa2 34. Qb6 Qd2 35. Kg1 Qc1+ 36. Kh2 Qc6 37. Qd8 Qb5 38. g5 h5 39. b4 Qxb4 40. Qc7 Qxd4 0-1

[Event "RUS-ch blitz (Women)"]
[Site "Sochi"]
[Date "2016.10.04"]
[Round "4.13"]
[White "Charochkina, Daria"]
[Black "Pavlova, Nataliy"]
[Result "1-0"]
[WhiteElo "2366"]
[BlackElo "1990"]
[PlyCount "72"]
[EventDate "2016.10.04"]
[EventType "swiss (blitz)"]
[EventRounds "22"]
[EventCountry "RUS"]
[SourceTitle "EXT 2017"]
[Source "ChessBase"]
[SourceDate "2016.10.25"]
[SourceVersion "1"]
[SourceVersionDate "2016.10.25"]
[SourceQuality "1"]

1. d4 d5 2. c4 c6 3. Nc3 Nf6 4. Nf3 e6 5. Bg5 Be7 6. e3 Nbd7 7. Qc2 0-0 8. Bd3 dxc4 9. Bxc4 h6 10. Bh4 b5 11. Bd3 Bb7 12. 0-0 a6 13. e4 c5 14. e5 Nd5 15. Bxe7 Qxe7 16. Nxd5 Bxd5 17. Be4 c4 18. Bxd5 exd5 19. Rfe1 Qe6 20. Nh4 b4 21. Re3 a5 22. Nf5 Kh8 23. Rae1 Rg8 24. Nd6 a4 25. Rf3 Rgf8 26. Qd2 b3 27. a3 Nb6 28. Qf4 Ra7 29. Rh3 Nc8 30. Nf5 Ra6 31. g4 Ne7 32. Ree3 Nxf5 33. gxf5 Qc6 34. f6 Kg8 35. Rxh6 gxh6 36. Rg3+ Kh8 1-0

[Event "RUS-ch blitz (Women)"]
[Site "Sochi"]
[Date "2016.10.04"]
[Round "17.11"]
[White "Nechaeva, Marina"]
[Black "Pavlova, Nataliy"]
[Result "1-0"]
[WhiteElo "2428"]
[BlackElo "1990"]
[PlyCount "67"]
[EventDate "2016.10.04"]
[EventType "swiss (blitz)"]
[EventRounds "22"]
[EventCountry "RUS"]
[SourceTitle "EXT 2017"]
[Source "ChessBase"]
[SourceDate "2016.10.25"]
[SourceVersion "1"]
[SourceVersionDate "2016.10.25"]
[SourceQuality "1"]

1. d4 d5 2. c4 c6 3. Nc3 Nf6 4. e3 e6 5. Nf3 Nbd7 6. Bd3 dxc4 7. Bxc4 b5 8. Bd3 a6 9. e4 c5 10. e5 Nd5 11. Nxd5 exd5 12. 0-0 Be7 13. dxc5 Nxc5 14. Bc2 0-0 15. Nd4 Qc7 16. f4 Ne4 17. Be3 Bc5 18. Rc1 Qb6 19. Rf3 Bg4 20. Qd3 Bxf3 21. gxf3 Bxd4 22. Bxd4 Qg6+ 23. Kh1 Rfd8 24. Rg1 Qh5 25. fxe4 dxe4 26. Qxe4 Rac8 27. e6 Rxd4 28. Qxd4 Qf3+ 29. Rg2 Qf1+ 30. Qg1 Qxg1+ 31. Kxg1 fxe6 32. Re2 Kf7 33. Bb3 Rc6 34. f5 1-0

[Event "RUS-ch blitz (Women)"]
[Site "Sochi"]
[Date "2016.10.04"]
[Round "3.13"]
[White "Pavlova, Nataliy"]
[Black "Charochkina, Daria"]
[Result "0-1"]
[WhiteElo "1990"]
[BlackElo "2366"]
[PlyCount "114"]
[EventDate "2016.10.04"]
[EventType "swiss (blitz)"]
[EventRounds "22"]
[EventCountry "RUS"]
[SourceTitle "EXT 2017"]
[Source "ChessBase"]
[SourceDate "2016.10.25"]
[SourceVersion "1"]
[SourceVersionDate "2016.10.25"]
[SourceQuality "1"]

1. Nf3 d5 2. g3 Bg4 3. Bg2 Nd7 4. d3 Ngf6 5. 0-0 e6 6. c4 c6 7. b3 Bd6 8. Bb2 0-0 9. Nbd2 Qe7 10. e4 Bxf3 11. Bxf3 Ne5 12. Bxe5 Bxe5 13. Rc1 Rad8 14. Qc2 dxe4 15. Nxe4 Bd4 16. Bg2 Nd7 17. Nd2 Ne5 18. Nf3 Nxd3 19. Nxd4 Rxd4 20. Rcd1 Rfd8 21. Be4 Nb4 22. Qb1 f5 23. Bg2 Qd6 24. Rde1 e5 25. Bh3 g6 26. a3 Nd3 27. Re3 Nc5 28. Rfe1 Ne4 29. Bg2 Rd1 30. Qc2 Rxe1+ 31. Rxe1 Nc5 32. b4 Ne6 33. c5 Qd4 34. Qa4 a6 35. Qb3 Kf7 36. a4 Kf6 37. b5 Nxc5 38. Qc2 axb5 39. axb5 cxb5 40. Rc1 b6 41. Bf1 b4 42. Qa2 b3 43. Qa3 Ne4 44. Qxb3 Qxf2+ 45. Kh1 Qd4 46. Rc6+ Rd6 47. Rxd6+ Qxd6 48. Qe3 Qc5 49. Qb3 Nd6 50. Qa4 b5 51. Qa6 b4 52. Qa8 Qc1 53. Kg1 Qe3+ 54. Kh1 Qe4+ 55. Qxe4 Nxe4 56. Bc4 Nd2 57. Bd5 b3 0-1

[Event "RUS-ch blitz (Women)"]
[Site "Sochi"]
[Date "2016.10.04"]
[Round "10.15"]
[White "Pavlova, Nataliy"]
[Black "Shaydullina, Sandugach"]
[Result "1-0"]
[WhiteElo "1990"]
[BlackElo "2142"]
[PlyCount "80"]
[EventDate "2016.10.04"]
[EventType "swiss (blitz)"]
[EventRounds "22"]
[EventCountry "RUS"]
[SourceTitle "EXT 2017"]
[Source "ChessBase"]
[SourceDate "2016.10.25"]
[SourceVersion "1"]
[SourceVersionDate "2016.10.25"]
[SourceQuality "1"]

1. Nf3 d5 2. g3 c6 3. Bg2 Bf5 4. d3 Nf6 5. 0-0 h6 6. c4 e6 7. Nc3 Be7 8. Rb1 dxc4 9. e4 Bh7 10. Ne5 cxd3 11. Nxd3 0-0 12. Be3 Nbd7 13. Qb3 Qc7 14. Rbd1 Ng4 15. Bc1 Nc5 16. Nxc5 Bxc5 17. h3 Nf6 18. Kh2 a5 19. f4 Rfd8 20. Qc4 Qe7 21. a3 Nd7 22. Qe2 Nb6 23. Qh5 Bg6 24. Qe2 Bh7 25. Qh5 Nc4 26. f5 Bd4 27. Qg4 Ne5 28. Qe2 f6 29. Be3 Bxe3 30. Qxe3 Nc4 31. Qe2 b5 32. a4 Rab8 33. axb5 cxb5 34. Nxb5 Rxb5 35. Qxc4 Rb6 36. fxe6 Re8 37. e5 Rb4 38. Qc6 Bg6 39. exf6 gxf6 40. Rd7 Qf8 1-0

[Event "RUS-ch blitz (Women)"]
[Site "Sochi"]
[Date "2016.10.04"]
[Round "13.10"]
[White "Potapova, Margarita"]
[Black "Pavlova, Nataliy"]
[Result "1-0"]
[WhiteElo "2060"]
[BlackElo "1990"]
[PlyCount "37"]
[EventDate "2016.10.04"]
[EventType "swiss (blitz)"]
[EventRounds "22"]
[EventCountry "RUS"]
[SourceTitle "EXT 2017"]
[Source "ChessBase"]
[SourceDate "2016.10.25"]
[SourceVersion "1"]
[SourceVersionDate "2016.10.25"]
[SourceQuality "1"]

1. d4 d5 2. Bf4 c6 3. e3 Nf6 4. c4 e6 5. Nc3 Nbd7 6. Nf3 Be7 7. Bd3 dxc4 8. Bxc4 0-0 9. 0-0 b5 10. Bd3 a6 11. Ne4 Nxe4 12. Bxe4 Bb7 13. Rc1 Rc8 14. Ne5 Nxe5 15. Bxe5 Qb6 16. Qh5 h6 17. Qg4 g5 18. Qh5 c5 19. Qxh6 1-0

[Event "RUS-ch blitz (Women)"]
[Site "Sochi"]
[Date "2016.10.04"]
[Round "20.12"]
[White "Vasilevich, Tatjana"]
[Black "Pavlova, Nataliy"]
[Result "1-0"]
[WhiteElo "2372"]
[BlackElo "1990"]
[PlyCount "55"]
[EventDate "2016.10.04"]
[EventType "swiss (blitz)"]
[EventRounds "22"]
[EventCountry "RUS"]
[SourceTitle "EXT 2017"]
[Source "ChessBase"]
[SourceDate "2016.10.25"]
[SourceVersion "1"]
[SourceVersionDate "2016.10.25"]
[SourceQuality "1"]

1. d4 d5 2. c4 c6 3. Nf3 Nf6 4. e3 e6 5. Nbd2 Nbd7 6. Bd3 Bd6 7. 0-0 0-0 8. e4 dxe4 9. Nxe4 Nxe4 10. Bxe4 e5 11. dxe5 Nxe5 12. Nxe5 Bxe5 13. Bxh7+ Kxh7 14. Qh5+ Kg8 15. Qxe5 Be6 16. Qc3 Qh4 17. b3 a5 18. Re1 a4 19. Bb2 Qh6 20. Rad1 b6 21. Rd3 axb3 22. axb3 Ra5 23. Rg3 g6 24. h3 Re8 25. Qf6 Rf5 26. Qxf5 Bxf5 27. Rxe8+ Kh7 28. Rh8# 1-0

[Event "RUS-ch rapid (Women)"]
[Site "Sochi"]
[Date "2016.10.02"]
[Round "1"]
[White "Ambartsumova, Karina"]
[Black "Pavlova, Nataliy"]
[Result "1-0"]
[WhiteElo "2280"]
[BlackElo "1990"]
[PlyCount "55"]
[EventDate "2016.10.02"]
[EventType "swiss (rapid)"]
[EventRounds "10"]
[EventCountry "RUS"]
[SourceTitle "CBM 174 Extra"]
[Source "ChessBase"]
[SourceDate "2016.10.10"]
[SourceVersion "1"]
[SourceVersionDate "2016.10.10"]
[SourceQuality "1"]

1. e4 c5 2. Nf3 Nc6 3. Bb5 g6 4. Bxc6 dxc6 5. d3 Bg7 6. h3 e5 7. Be3 Qe7 8. Qd2 Nf6 9. Bh6 0-0 10. Nc3 Nh5 11. Ne2 f6 12. 0-0-0 b5 13. Bxg7 Nxg7 14. g4 b4 15. Rdg1 a5 16. Qe3 a4 17. Nd2 Ba6 18. f4 Ne6 19. f5 Nd4 20. g5 Nxe2+ 21. Qxe2 Rf7 22. gxf6 Qxf6 23. h4 Kh8 24. fxg6 hxg6 25. Qe3 Rh7 26. Qxc5 Rxh4 27. Rxh4+ Qxh4 28. Qxe5+ 1-0

[Event "St Petersburg Summer op"]
[Site "St Petersburg"]
[Date "2016.08.22"]
[Round "6"]
[White "Svidinsky, Dmitry"]
[Black "Pavlova, Nataliy"]
[Result "1/2-1/2"]
[WhiteElo "2122"]
[BlackElo "1977"]
[PlyCount "93"]
[EventDate "2016.08.17"]
[EventType "swiss"]
[EventRounds "9"]
[EventCountry "RUS"]
[SourceTitle "CBM 174 Extra"]
[Source "ChessBase"]
[SourceDate "2016.10.10"]
[SourceVersion "1"]
[SourceVersionDate "2016.10.10"]
[SourceQuality "1"]

1. d4 d5 2. c4 c6 3. Nc3 Nf6 4. cxd5 cxd5 5. Nf3 Nc6 6. Bf4 a6 7. e3 Bg4 8. h3 Bxf3 9. Qxf3 e6 10. Bd3 Bd6 11. Bxd6 Qxd6 12. 0-0 0-0 13. Rac1 b5 14. Rfd1 Rac8 15. Bf1 Na5 16. Qe2 Qb4 17. Qd2 Nc4 18. Bxc4 Rxc4 19. b3 Rc7 20. Ne4 Qxd2 21. Nxd2 Rfc8 22. Rxc7 Rxc7 23. a4 b4 24. f3 Rc3 25. Kf2 Kf8 26. Ke2 Ke7 27. Rb1 Kd6 28. Nf1 Rc2+ 29. Nd2 Nh5 30. Kd1 Rc3 31. Nf1 e5 32. g4 Nf6 33. dxe5+ Kxe5 34. Ke2 Nd7 35. h4 Nc5 36. Nd2 g6 37. Rb2 f5 38. gxf5 gxf5 39. f4+ Kf6 40. Rb1 a5 41. Kf2 Rc2 42. Ke1 Rc3 43. Ke2 Rc2 44. Kd1 Rc3 45. Ke2 Rc2 46. Kd1 Rc3 47. Ke2 1/2-1/2

[Event "St Petersburg Summer op"]
[Site "St Petersburg"]
[Date "2016.08.18"]
[Round "2"]
[White "Pavlova, Nataliy"]
[Black "Markevich, Ilya"]
[Result "0-1"]
[WhiteElo "1977"]
[BlackElo "2195"]
[PlyCount "66"]
[EventDate "2016.08.17"]
[EventType "swiss"]
[EventRounds "9"]
[EventCountry "RUS"]
[SourceTitle "CBM 174 Extra"]
[Source "ChessBase"]
[SourceDate "2016.10.10"]
[SourceVersion "1"]
[SourceVersionDate "2016.10.10"]
[SourceQuality "1"]

1. Nf3 d5 2. g3 e6 3. Bg2 c5 4. 0-0 Nc6 5. c4 Nf6 6. d4 Be7 7. cxd5 exd5 8. Nc3 0-0 9. Bg5 c4 10. Ne5 Be6 11. f4 Qb6 12. Nxc6 bxc6 13. Qd2 Rab8 14. f5 Bd7 15. Rab1 Rfe8 16. Kh1 h6 17. Bh4 Qa6 18. Qf4 Nh5 19. Qg4 Bxh4 20. Qxh4 Nf6 21. g4 c5 22. Rf4 Qd6 23. g5 hxg5 24. Qxg5 cxd4 25. Rxd4 Qe5 26. Rf4 d4 27. Ne4 c3 28. b3 c2 29. Rc1 Rbc8 30. Bf3 Nxe4 31. Rxe4 Qxf5 32. Qg2 Rxe4 33. Rg1 Qf6 0-1

[Event "Nezhmetdinov Memorial 38th"]
[Site "Kazan"]
[Date "2016.06.08"]
[Round "9"]
[White "Tishova, Svetlana"]
[Black "Pavlova, Nataliy"]
[Result "1-0"]
[WhiteElo "1946"]
[BlackElo "2010"]
[PlyCount "81"]
[EventDate "2016.05.31"]
[EventType "swiss"]
[EventRounds "9"]
[EventCountry "RUS"]
[SourceTitle "CBM 172 Extra"]
[Source "ChessBase"]
[SourceDate "2016.06.21"]
[SourceVersion "1"]
[SourceVersionDate "2016.06.21"]
[SourceQuality "1"]

1. e4 c5 2. Nf3 Nc6 3. Bb5 g6 4. Bxc6 dxc6 5. h3 Bg7 6. d3 e5 7. Nbd2 Qe7 8. Nc4 f6 9. 0-0 Nh6 10. Be3 Be6 11. Qd2 Nf7 12. Qc3 b6 13. a3 Bxc4 14. Qxc4 Nd6 15. Qa4 Qc7 16. Nd2 0-0 17. Nc4 Kh8 18. Nxd6 Qxd6 19. Qc4 f5 20. f3 a5 21. b4 Qf6 22. Rfb1 f4 23. Bf2 g5 24. bxa5 b5 25. Qc3 h5 26. Bxc5 Rf7 27. Kf1 g4 28. hxg4 hxg4 29. Ke2 Qg5 30. Rh1+ Kg8 31. Rh2 Bf6 32. Rah1 Rd8 33. Qb3 Rdd7 34. a6 Rd8 35. a7 Qg6 36. Rh6 Qg5 37. Rh7 Bg7 38. Qe6 gxf3+ 39. gxf3 Qg2+ 40. Bf2 c5 41. Rg1 1-0

[Event "Nezhmetdinov Memorial 38th"]
[Site "Kazan"]
[Date "2016.06.02"]
[Round "3"]
[White "Obodenko, Amir"]
[Black "Pavlova, Nataliy"]
[Result "1-0"]
[WhiteElo "2263"]
[BlackElo "2010"]
[PlyCount "51"]
[EventDate "2016.05.31"]
[EventType "swiss"]
[EventRounds "9"]
[EventCountry "RUS"]
[SourceTitle "CBM 172 Extra"]
[Source "ChessBase"]
[SourceDate "2016.06.21"]
[SourceVersion "1"]
[SourceVersionDate "2016.06.21"]
[SourceQuality "1"]

1. Nf3 d5 2. g3 Nf6 3. Bg2 e6 4. d4 Bd6 5. 0-0 0-0 6. c4 c6 7. Qc2 Nbd7 8. Rd1 Ne4 9. Nc3 f5 10. Bf4 g5 11. Nxe4 Bxf4 12. gxf4 fxe4 13. Nxg5 Nb6 14. c5 h6 15. Nxe4 dxe4 16. Qxe4 Qh4 17. cxb6 Rxf4 18. Qg6+ Kh8 19. bxa7 Rg4 20. Qd3 Qg5 21. Qf3 e5 22. dxe5 Bf5 23. h3 Rh4 24. Qg3 Qe7 25. e6 Rh5 26. Qb8+ 1-0

[Event "Nezhmetdinov Memorial 38th"]
[Site "Kazan"]
[Date "2016.05.31"]
[Round "1"]
[White "Korchmar, Vasiliy"]
[Black "Pavlova, Nataliy"]
[Result "1-0"]
[WhiteElo "2437"]
[BlackElo "2010"]
[PlyCount "57"]
[EventDate "2016.05.31"]
[EventType "swiss"]
[EventRounds "9"]
[EventCountry "RUS"]
[SourceTitle "CBM 172 Extra"]
[Source "ChessBase"]
[SourceDate "2016.06.21"]
[SourceVersion "1"]
[SourceVersionDate "2016.06.21"]
[SourceQuality "1"]

1. d4 d5 2. c4 c6 3. Nf3 e6 4. g3 Nf6 5. Bg2 Bd6 6. Nc3 Nbd7 7. Nd2 0-0 8. 0-0 Bb4 9. e4 Bxc3 10. bxc3 dxe4 11. Nxe4 Nxe4 12. Bxe4 Qa5 13. Qc2 Nf6 14. Bg2 Re8 15. Bf4 Ng4 16. Bd6 Nh6 17. Rab1 Nf5 18. Bf4 f6 19. Rfe1 e5 20. dxe5 fxe5 21. Qd2 Qc5 22. Rbd1 b6 23. Bxe5 Ba6 24. Qf4 Rf8 25. Rd7 Bxc4 26. Qg5 g6 27. g4 Ne7 28. Qh4 Rf7 29. Bd4 1-0